000 00324nam a22001217a 4500
008 230620b xxu||||| |||| 00| 0 eng d
020 _a0850922801
082 _a320.1
_bCOM
245 _aVulnerability
_bSmall States in the Global Society
260 _aLondon
_bCommonwealth Secretariat
300 _aIX,126p
942 _2ddc
_cBK
999 _c1648
_d1648